<?xml version="1.0" encoding="UTF-8"?><?xml-stylesheet type="text/xsl" href="static/style.xsl"?><OAI-PMH xmlns="http://www.openarchives.org/OAI/2.0/" xmlns:xsi="http://www.w3.org/2001/XMLSchema-instance" xsi:schemaLocation="http://www.openarchives.org/OAI/2.0/ http://www.openarchives.org/OAI/2.0/OAI-PMH.xsd"><responseDate>2026-04-17T17:04:04Z</responseDate><request verb="GetRecord" identifier="oai:www.recercat.cat:10459.1/70440" metadataPrefix="marc">https://recercat.cat/oai/request</request><GetRecord><record><header><identifier>oai:recercat.cat:10459.1/70440</identifier><datestamp>2024-12-05T22:12:14Z</datestamp><setSpec>com_2072_3622</setSpec><setSpec>col_2072_479130</setSpec></header><metadata><record xmlns="http://www.loc.gov/MARC21/slim" xmlns:dcterms="http://purl.org/dc/terms/" xmlns:xsi="http://www.w3.org/2001/XMLSchema-instance" xmlns:doc="http://www.lyncode.com/xoai" xsi:schemaLocation="http://www.loc.gov/MARC21/slim http://www.loc.gov/standards/marcxml/schema/MARC21slim.xsd">
   <leader>00925njm 22002777a 4500</leader>
   <datafield ind2=" " ind1=" " tag="042">
      <subfield code="a">dc</subfield>
   </datafield>
   <datafield ind2=" " ind1=" " tag="720">
      <subfield code="a">Sánchez, J. P.</subfield>
      <subfield code="e">author</subfield>
   </datafield>
   <datafield ind2=" " ind1=" " tag="720">
      <subfield code="a">Reixach, Josep</subfield>
      <subfield code="e">author</subfield>
   </datafield>
   <datafield ind2=" " ind1=" " tag="720">
      <subfield code="a">Quintanilla Aguado, Raquel</subfield>
      <subfield code="e">author</subfield>
   </datafield>
   <datafield ind2=" " ind1=" " tag="720">
      <subfield code="a">Estany Illa, Joan</subfield>
      <subfield code="e">author</subfield>
   </datafield>
   <datafield ind2=" " ind1=" " tag="720">
      <subfield code="a">Ibáñez-Escriche, N.</subfield>
      <subfield code="e">author</subfield>
   </datafield>
   <datafield ind2=" " ind1=" " tag="720">
      <subfield code="a">Rothschild, Max Frederick</subfield>
      <subfield code="e">author</subfield>
   </datafield>
   <datafield ind2=" " ind1=" " tag="720">
      <subfield code="a">Piles, M.</subfield>
      <subfield code="e">author</subfield>
   </datafield>
   <datafield ind2=" " ind1=" " tag="260">
      <subfield code="c">2021-02-04T11:27:09Z</subfield>
   </datafield>
   <datafield ind2=" " ind1=" " tag="260">
      <subfield code="c">2021-02-04T11:27:09Z</subfield>
   </datafield>
   <datafield ind2=" " ind1=" " tag="260">
      <subfield code="c">2015</subfield>
   </datafield>
   <datafield ind2=" " ind1=" " tag="520">
      <subfield code="a">This study reports estimates of the genetic correlations between feed efficiency (FE) components, ultimate pH (pH24), intramuscular content (IMF) and the selection criteria of the population: body weight (BW180) and back fat (BF180) at 180d. Average daily feed intake (FI), body weight (BW) and backfat thickness (BT) was weekly recorded from 15 to 26 weeks of age on 1076 pigs, and IMF and pH24 on 492 and 610 carcasses. FE components were defined from a random regression model for residual feed intake (RFI). The terms included were RFI per unit of metabolic weight (MBW), RFI per unit of ADG and an intercept,&#xd;
and for all these terms permanent and additive genetic effects were assumed. Individual variation in MBW is the only term having effect on RFI variation. High RFI intercept are associated with high content of intramuscular fat (0.41(0.10)) and low pH24 (-0.35(0.12)). The genetic correlation of RFI intercept with BF180 was 0.51(0.10), and that between RFI per unit of MBW and BW180 was -0.31(0.13); the genetic correlation between BF180 and BW180 was 0.63(0.01). These figures could make difficult the indirect improvement of FE through BF180 and BW180.</subfield>
   </datafield>
   <datafield ind2=" " ind1=" " tag="520">
      <subfield code="a">Financiado por el proyecto RTA2011-00064-00-00, se han usado datos generados en los proyectos AGL2002-04271-C03-02 y CENIT MET-DEV-FUN. Parte del trabajo desarrollado en una estancia de J.P. Sánchez en ISU financiada por Excelmeat (IRSES-2009-246760).</subfield>
   </datafield>
   <datafield ind1="8" ind2=" " tag="024">
      <subfield code="a">http://hdl.handle.net/10459.1/70440</subfield>
   </datafield>
   <datafield tag="653" ind2=" " ind1=" ">
      <subfield code="a">Pigs</subfield>
   </datafield>
   <datafield tag="653" ind2=" " ind1=" ">
      <subfield code="a">Duroc</subfield>
   </datafield>
   <datafield tag="653" ind2=" " ind1=" ">
      <subfield code="a">Residual feed intake</subfield>
   </datafield>
   <datafield tag="653" ind2=" " ind1=" ">
      <subfield code="a">Meat quality</subfield>
   </datafield>
   <datafield ind2="0" ind1="0" tag="245">
      <subfield code="a">Componentes de la eficiencia alimentaria en cerdos Duroc y su relación genética con la calidad de la carne</subfield>
   </datafield>
   <datafield ind2="0" ind1="0" tag="245">
      <subfield code="a">Feed efficiency components and their relationship with meat quality traits in Duroc pigs</subfield>
   </datafield>
</record></metadata></record></GetRecord></OAI-PMH>